00709nam a2200181Ia 4500003000900000008004100009020001800050040001600068080002300084111008900107245016700196260005000363300001500413650004100428650001100469650002000480700002700500IN-BaIIA211028s9999 xx 000 0 eng d a963-372-108-3 cIIA Library a523.64(063)bCOM-I aInternational Conference on Cometary ExplorationcBudapest, Hungaryd1982 Nov. 15-19 0aCometary exploration Ibproceedings of the international conference on cometary exploration, held in Budapest, Hungary, 15-19 Nov 1982cedited by Tamas I. Gombosi aBudapestbHungarian Academy of Sciencesc1983 axii, 311p. aAstronomy and astrophysics thesaurus aComets aPeriodic comets aGombosi, Tamas I., ed.